000 00926cab a2200265 4500
001 WB3027-46
008 090401t1994 xxu||||| |||| 00| 0 eng d
035 _a(Sirsi) u4563
041 _aeng
245 _aSurveyors to campaign against tax on PI
260 _c1994
350 _a0
490 _aBuilding
_v259(7852) 15 July 1994, 8(1)
520 _aThe RICS is planning an industry-side lobbying campign against Inland Revenue plans outlined in its consultation paper "Liability insurance and payments to meet uninsured liabilities" to tax professional indemnity insurance payments.
650 _aINCOME TAX
650 _aINLAND REVENUE
650 _aPROFESSIONAL INDEMNITY INSURANCE
650 _aPROFESSIONAL INDEMNITY INSURANCE
650 _aRICS
690 _aINSURANCE
_96249
690 _aMANAGEMENT-BUSINESS MANAGEMENT-PROFESSIONAL PRACTICE
690 _aTAXATION
942 _n0
948 _c04/03/1997
999 _c2757
_d2757